Gender bias in girl child education / (Record no. 65603)

MARC details
000 -LEADER
fixed length control field 00587nam a22001577a 4500
005 - DATE AND TIME OF LATEST TRANSACTION
control field 20120425112518.0
020 ## - INTERNATIONAL STANDARD BOOK NUMBER
International Standard Book Number 8173915199
Terms of availability 00.00
035 ## - SYSTEM CONTROL NUMBER
System control number B-92485
037 ## - SOURCE OF ACQUISITION
Stock number DPL
Source of stock number/acquisition ENG
100 ## - MAIN ENTRY--PERSONAL NAME
Personal name Pant, S.K.
245 ## - TITLE STATEMENT
Title Gender bias in girl child education /
Statement of responsibility, etc by S.K. Pant
260 ## - PUBLICATION, DISTRIBUTION, ETC. (IMPRINT)
Place of publication, distribution, etc New Delhi
Name of publisher, distributor, etc Kanishka Publishers, Distributors
Date of publication, distribution, etc 2002
300 ## - PHYSICAL DESCRIPTION
Extent xx, 200p.
Dimensions 20 cms.
942 ## - ADDED ENTRY ELEMENTS (KOHA)
Source of classification or shelving scheme Dewey Decimal Classification
Item type English Books
Classification part 305.4
Call number suffix PAN
Holdings
Withdrawn status Lost status Not for loan Collection code Home library Current library Date acquired Cost, normal purchase price Full call number Barcode Cost, replacement price Koha item type
      Non-fiction Sarojini Nagar Sarojini Nagar 25/04/2012 0.00 305.4 PAN B-92485 0.00 English Books

© Delhi Public Library
Hit Counter
free hit counter